00711nam a2200181 i 450000100060000000300090000600500170001500700030003200800410003510000210007624501210009726000490021830000280026765000450029585200450034099900170038595201270040248627ES-MaACL20230906161803.0t|950725s1875 fr |||| | fre d1 aDiard, H.94410610aEtudes sur le système pénitentiaire et sur son application au régime des prisons de France / cpar H. Diard... aTours : b[s.n.], c1875 (fImp. Ladevèze) aVIII, 168 p. ; c22 cm. aDerecho penitenciario-zFrancia.9141896 aES-MaACLjD-203(1) z.- Donativo Lastres c48627d48627 001040708LIBXIXaATENEOMbATENEOMcSVId2008-01-17eSCl0oD-203(1)p901051172r2023-02-23 00:00:00w2023-02-23yMONANT